|
|
|
|
| LEADER |
01720cas a2200265 a 4500 |
| 001 |
AALejournalIMF005705 |
| 008 |
230101c9999 xx r poo 0 0eng d |
| 020 |
|
|
|c 5.00 USD
|
| 020 |
|
|
|z 9781451872132
|
| 022 |
|
|
|a 1018-5941
|
| 040 |
|
|
|a BD-DhAAL
|c BD-DhAAL
|
| 100 |
1 |
|
|a Stepanyan, Ara.
|
| 245 |
1 |
2 |
|a A New Keynesian Model of the Armenian Economy /
|c Ara Stepanyan, Era Dabla-Norris, Ashot Mkrtchyan.
|
| 264 |
|
1 |
|a Washington, D.C. :
|b International Monetary Fund,
|c 2009.
|
| 300 |
|
|
|a 1 online resource (43 pages)
|
| 490 |
1 |
|
|a IMF Working Papers
|
| 500 |
|
|
|a <strong>Off-Campus Access:</strong> No User ID or Password Required
|
| 500 |
|
|
|a <strong>On-Campus Access:</strong> No User ID or Password Required
|
| 506 |
|
|
|a Electronic access restricted to authorized BRAC University faculty, staff and students
|
| 520 |
3 |
|
|a This paper develops a small open economy dynamic stochastic general equilibrium (DSGE) model of the Armenian economy. The structure of the model is largely motivated by recent developments in DSGE modeling, with key extensions to incorporate specific structural characteristics of the Armenian economy. The resultant model can be used to simulate monetary policy paths and help analyze the robustness of policy conclusions. The paper tests the model's properties on Armenian data, demonstrating that the main stylized features relevant for monetary policy making are well captured by the model.
|
| 538 |
|
|
|a Mode of access: Internet
|
| 700 |
1 |
|
|a Dabla-Norris, Era.
|
| 700 |
1 |
|
|a Mkrtchyan, Ashot.
|
| 830 |
|
0 |
|a IMF Working Papers; Working Paper ;
|v No. 2009/066
|
| 856 |
4 |
0 |
|z Full text available on IMF
|u http://elibrary.imf.org/view/journals/001/2009/066/001.2009.issue-066-en.xml
|z IMF e-Library
|